[Event "Ch Bayern (seniors) (open)"]
[Site "masterchessopen.com – Schney (Germany)"]
[Round "2"]
[White "Kraft Hans (GER)"]
[Black "Reichenbacher Gerhard (GER)"]
[Result "1-0"]
[WhiteElo "2113"]
[BlackElo "1840"]

1.e4 c5 2.Nf3 Nc6 3.d4 cxd4 4.Nxd4 Nf6 5.Nc3 d6 6.Bc4 a6 7.Nxc6 bxc6 8.e5 Nd5
9.Nxd5 cxd5 10.Bxd5 Rb8 11.exd6 Qxd6 12.Qf3 e6 13.Bf4 Qb4+ 14.c3 Qxb2 15.Bc6+
Ke7 16.Rd1 {#r} 1-0

[Event "Ch Italy (juniors) (under 20)"]
[Site "masterchessopen.com – Bratto (Italy)"]
[Date "2001.08.27"]
[Round "6"]
[White "Santacroce Fidel"]
[Black "Castellano Fulvia (ITA)"]
[Result "1-0"]
[WhiteElo "1630"]
[BlackElo "1600"]

1.e4 c5 2.Nf3 d6 3.d4 cxd4 4.Nxd4 Nf6 5.Nc3 Nc6 6.Bc4 Bd7 7.h3 a6 8.Bb3 Qa5
9.Nxc6 Bxc6 10.Bd2 Nxe4 11.Nxe4 Qe5 12.f3 Bxe4 13.fxe4 Qxb2 14.O-O Qd4+ 15.Kh1
Qxe4 16.Bxf7+ Kd7 17.Rf4 Qc6 18.Qg4+ Kd8 19.Raf1 g6 20.Bd5 Qxd5 21.Rxf8+ Rxf8
22.Rxf8+ Kc7 23.Rxa8 {#r} 1-0

[Event "It (open)"]
[Site "masterchessopen.com – Le Mans (France)"]
[Date "2001.12.29"]
[Round "5"]
[White "Richet Fabien (FRA)"]
[Black "Riviere Xavier (FRA)"]
[Result "1-0"]
[WhiteElo "1980"]
[BlackElo "1634"]

1.e4 c5 2.Nf3 Nc6 3.Nc3 d6 4.Bc4 Nf6 5.d4 cxd4 6.Nxd4 e5 7.Nf3 a6 8.Ng5 Be6
9.Bxe6 fxe6 10.Nxe6 Qd7 11.Nxf8 Rxf8 12.O-O O-O-O 13.Bg5 Qf7 14.Bxf6 gxf6
15.Qd5 Qg6 16.f3 Rg8 17.Qd2 Nd4 18.Nd5 Rg7 19.c3 Rdg8 20.cxd4 Qxg2+ {#r} 1-0

[Event "Ch Azerbaijan"]
[Site "masterchessopen.com – Baku (Azerbaijan)"]
[Round "11"]
[White "Badalov Samir (AZE)"]
[Black "Guseinov Gadir (AZE)"]
[Result "0-1"]
[WhiteElo "2303"]
[BlackElo "2505"]

1.e4 c5 2.Nf3 Nc6 3.d4 cxd4 4.Nxd4 Nf6 5.Nc3 d6 6.Bc4 Qb6 7.Nb3 e6 8.O-O Be7
9.Be3 Qc7 10.Bd3 a6 11.f4 b5 12.a3 Bb7 13.Qf3 h5 14.Kh1 Nb8 15.Nd4 Nbd7
16.Rae1 Rc8 17.Qh3 h4 18.Nxe6 fxe6 19.e5 dxe5 20.fxe5 Nd5 {#R} 0-1

[Event "It (cat.8)"]
[Site "masterchessopen.com – Bucharest (Romania)"]
[Round "13"]
[White "Golubev Mikhail (UKR)"]
[Black "Lupulescu Constantin (ROM)"]
[Result "1-0"]
[WhiteElo "2535"]
[BlackElo "2496"]

1.e4 c5 2.Nf3 d6 3.d4 cxd4 4.Nxd4 Nf6 5.Nc3 Nc6 6.Bc4 Qb6 7.Nxc6 bxc6 8.O-O g6
9.Qe1 Ng4 10.h3 Ne5 11.Na4 Qd4 12.Bb3 Ba6 13.Bd2 f5 14.Be3 Qxe4 15.f3 Nxf3+
16.Rxf3 Bg7 17.Qd2 Qe5 18.Re1 Qb5 19.Bf4 Bf6 20.Qxd6 {#r} 1-0

[Event "It (open)"]
[Site "masterchessopen.com – Fouesnant (France)"]
[Round "2"]
[White "Toux Stephane (FRA)"]
[Black "Le Masle Raphael (FRA)"]
[Result "0-1"]
[WhiteElo "1832"]
[BlackElo "2070"]

1.e4 c5 2.Nf3 Nc6 3.d4 cxd4 4.Nxd4 Nf6 5.Nc3 d6 6.Bc4 Qb6 7.Nb3 e6 8.Be3 Qc7
9.O-O Be7 10.f4 O-O 11.f5 Ne5 12.Be2 b6 13.Bf4 exf5 14.exf5 Bb7 15.Bxe5 dxe5
16.Bf3 e4 17.Be2 Bd6 18.h3 a6 19.Qd4 Rad8 20.Qe3 b5 21.g4 Nd5 22.Nxd5 Bxd5
23.f6 Bxb3 24.Qg5 Qc5+ {#R} 0-1

[Event "It (cat.5)"]
[Site "masterchessopen.com – Kastav (Croatia)"]
[Round "3"]
[White "Ljubicic Filip (CRO)"]
[Black "Novak Danijel (CRO)"]
[Result "1-0"]
[WhiteElo "2422"]
[BlackElo "2363"]

1.e4 c5 2.Nf3 Nc6 3.d4 cxd4 4.Nxd4 Nf6 5.Nc3 d6 6.Bc4 Qb6 7.Nde2 e6 8.O-O Be7
9.Bb3 a6 10.Bg5 Qc7 11.Ng3 h5 12.Qd2 h4 13.Nge2 h3 14.g3 Ne5 15.f4 Neg4 16.f5
b5 17.fxe6 fxe6 18.Bxf6 Bxf6 19.Nf4 Qc5+ 20.Kh1 Bxc3 21.bxc3 Rh6 22.a4 Bb7
23.Rae1 Ke7 24.Nd5+ Kd7 25.Qg5 Bxd5 26.Qxg7+ Kc6 27.exd5+ {#r} 1-0

[Event "Ch Russia (1/2 final)"]
[Site "masterchessopen.com – Krasnodar (Russia)"]
[Round "0"]
[White "Doroshenko Diana (RUS)"]
[Black "Shapar S (RUS)"]
[Result "0-1"]
[WhiteElo "2216"]
[BlackElo "2145"]

1.e4 c5 2.Nf3 Nc6 3.d4 cxd4 4.Nxd4 Nf6 5.Nc3 d6 6.Bc4 Qb6 7.Nf3 e6 8.O-O Be7
9.Qe2 O-O 10.Re1 a6 11.a3 Qc7 12.Bf4 Ne5 13.Nxe5 dxe5 14.Bg3 b5 15.Bb3 Bb7
16.Rad1 Bc5 17.Rd2 Bxa3 18.bxa3 Qxc3 19.Rd3 Qc5 20.Red1 Nxe4 21.Qe3 Qxe3
22.Rxe3 Rfd8 23.Rxd8+ Rxd8 24.h3 Rd1+ 25.Kh2 Nd2 {#R} 0-1

[Event "It (open)"]
[Site "masterchessopen.com – Le Touquet (France)"]
[Round "4"]
[White "Dgebuadze Alexandre (BEL)"]
[Black "Schabanel Stephane (FRA)"]
[Result "1-0"]
[WhiteElo "2533"]
[BlackElo "2250"]

1.e4 c5 2.Nf3 d6 3.d4 cxd4 4.Nxd4 Nf6 5.Nc3 Nc6 6.Bc4 Qb6 7.Ndb5 a6 8.Be3 Qa5
9.Nd4 e6 10.O-O Ne5 11.Be2 b5 12.f4 Nc4 13.Bxc4 bxc4 14.e5 Nd5 15.Qf3 Bb7
16.Nxd5 Bxd5 17.Qg3 g6 18.c3 Be7 19.Rfe1 Qc7 20.Re2 g5 21.f5 {#r} 1-0

[Event "It (open) \"]
[Site "masterchessopen.com – Moscow (Russia)"]
[Round "9"]
[White "Kuzmin Gennadi P (UKR)"]
[Black "Bocharov Dmitry (RUS)"]
[Result "1-0"]
[WhiteElo "2495"]
[BlackElo "2524"]

1.e4 c5 2.Nf3 Nc6 3.d4 cxd4 4.Nxd4 Nf6 5.Nc3 d6 6.Bc4 Qb6 7.Nb3 e6 8.O-O Be7
9.Kh1 a6 10.f4 Qc7 11.Bd2 b5 12.Bd3 O-O 13.a4 b4 14.Ne2 Bb7 15.Ng3 a5 16.Qe2
d5 17.e5 Nd7 18.Qh5 g6 19.Qh3 Ba6 20.Be3 Bxd3 21.cxd3 {#r} 1-0

[Event "Ch Netherlands (juniors) (under 20)"]
[Site "masterchessopen.com – Netherlands"]
[Round "9"]
[White "Groenhuis Vincent (NED)"]
[Black "Van Dongen Cor (NED)"]
[Result "0-1"]
[WhiteElo "2117"]
[BlackElo "2249"]

1.e4 c5 2.Nf3 Nc6 3.d4 cxd4 4.Nxd4 Nf6 5.Nc3 d6 6.Bc4 Qb6 7.Nb3 e6 8.Be3 Qc7
9.Nb5 Qb8 10.f3 a6 11.N5d4 Ne5 12.Be2 Qc7 13.Qd2 Be7 14.g4 Nfd7 15.h4 b6 16.g5
Bb7 17.O-O-O b5 18.Na5 Nc4 19.Nxc4 bxc4 20.Qc3 d5 21.g6 hxg6 22.Nxe6 fxe6
23.Qxg7 Bf6 24.Qxg6+ Ke7 25.exd5 Bxd5 26.Qg2 Ne5 {#R} 0-1

[Event "It (cat.3) \"]
[Site "masterchessopen.com – Olomouc (Czech Republic)"]
[Round "8"]
[White "Plachetka Jan (SVK)"]
[Black "Neuman Petr (CZE)"]
[Result "1-0"]
[WhiteElo "2451"]
[BlackElo "2437"]

1.e4 c5 2.Nf3 d6 3.d4 cxd4 4.Nxd4 Nf6 5.Nc3 Nc6 6.Bc4 Bd7 7.Be3 Ng4 8.O-O Nxe3
9.fxe3 e6 10.Bb3 Ne5 11.Nf3 Nxf3+ 12.Qxf3 Qf6 13.Qh5 Qe7 14.e5 dxe5 15.Rad1
Bc6 16.Qxe5 Rc8 17.Nb5 f6 18.Qh5+ Qf7 19.Qg4 f5 20.Qc4 a6 21.Na7 Rc7 22.Nxc6
bxc6 23.Qxa6 Qg6 24.Qb6 Re7 25.Qxc6+ {#r} 1-0

[Event "Ch Italy \"]
[Site "masterchessopen.com – Rimini (Italy)"]
[Round "2"]
[White "Caruso Augusto (ITA)"]
[Black "Efimov Igor (MNC)"]
[Result "0-1"]
[WhiteElo "2247"]
[BlackElo "2480"]

1.e4 c5 2.Nf3 Nc6 3.Nc3 d6 4.d4 cxd4 5.Nxd4 Nf6 6.Bc4 g6 7.Nxc6 bxc6 8.e5 Ng4
9.Bf4 d5 10.Nxd5 Be6 11.Nc7+ Qxc7 12.Bxe6 Nxe5 13.O-O fxe6 14.Re1 Bg7 15.Qe2
Rb8 16.b3 Rb5 17.c4 O-O 18.Bg3 Ra5 19.a4 Qb6 20.Rab1 Rf5 21.Qc2 Ng4 22.h3 Nxf2
23.c5 Raxc5 24.Qe2 Ne4 {#R} 0-1

[Event "Ch Aragon (team)"]
[Site "masterchessopen.com – Aragon (Spain)"]
[Round "3"]
[White "Gimeno Oteo Marco Antonio (ESP)"]
[Black "Adla Diego (ARG)"]
[Result "0-1"]
[WhiteElo "2177"]
[BlackElo "2485"]

1.e4 c5 2.Nf3 d6 3.d4 Nf6 4.Nc3 cxd4 5.Nxd4 Nc6 6.Bc4 Bd7 7.Bb3 g6 8.f3 Nxd4
9.Qxd4 Bg7 10.Be3 O-O 11.Qd2 b5 12.h4 a5 13.a3 b4 14.Ne2 a4 15.Bc4 Qc7 16.Bd3
bxa3 17.Rxa3 d5 18.Rc3 Qb8 19.e5 Qxe5 20.Bd4 Qb8 21.h5 e5 22.Bc5 Qxb2 23.hxg6
hxg6 24.Bxf8 Bxf8 25.Kf2 Qb6+ 26.Kg3 e4 27.fxe4 Bd6+ {#R} 0-1

[Event "It (open)"]
[Site "masterchessopen.com – Balaguer (Spain)"]
[Round "4"]
[White "Pham Guerrero Sergi (ESP)"]
[Black "Braga Fernando (AND)"]
[Result "0-1"]
[WhiteElo "2209"]
[BlackElo "2465"]

1.e4 c5 2.Nf3 Nc6 3.d4 cxd4 4.Nxd4 Nf6 5.Nc3 d6 6.Bc4 e5 7.Nb3 Be6 8.Bxe6 fxe6
9.Bg5 Be7 10.Qd2 O-O 11.O-O-O a6 12.f4 h6 13.fxe5 Nxe5 14.Bxf6 Rxf6 15.Qe2 b5
16.Rhf1 Qb6 17.Nd4 Nc4 18.Rxf6 Bxf6 19.Qd3 Re8 20.Nf3 Qc5 21.e5 Qb4 22.Re1
Qxb2+ 23.Kd1 Nxe5 24.Nxe5 Bxe5 25.Kd2 Qb4 {#R} 0-1

[Event "It (cat.2)"]
[Site "masterchessopen.com – Budapest (Hungary)"]
[Round "1"]
[White "Madl Ildiko (HUN)"]
[Black "Gorgs Alfred (GER)"]
[Result "1-0"]
[WhiteElo "2369"]
[BlackElo "2164"]

1.e4 c5 2.Nf3 Nc6 3.d4 cxd4 4.Nxd4 Nf6 5.Nc3 d6 6.Bc4 Qb6 7.Nxc6 bxc6 8.O-O g6
9.Qe2 Bg7 10.e5 dxe5 11.Qxe5 O-O 12.Qxe7 Bf5 13.Bb3 Rae8 14.Qd6 Ng4 15.Bf4
Bxc3 16.bxc3 Re2 17.Bg3 Rd8 18.Qf4 Nf6 19.Qc4 Re7 20.Rae1 Ne4 21.Bh4 g5
22.Bxg5 Nxf2 23.Be3 {#r} 1-0

[Event "It (open)"]
[Site "masterchessopen.com – Diezisau (Germany)"]
[Round "3"]
[White "Sigfusson Sigurdur (ISL)"]
[Black "Milov Vadim (SUI)"]
[Result "0-1"]
[WhiteElo "2288"]
[BlackElo "2683"]

{ Milov Vadim (SUI) +2 =0 -0 Milov Vadim (SUI) +2 =0 -0 Milov Vadim (SUI) +2
=0 -0 } 1.e4 { 1 } 1...c5 2.Nf3 Nc6 3.d4 cxd4 4.Nxd4 Nf6 5.Nc3 d6 6.Bc4 Qb6
7.Be3 { ? } ( 7.Nxc6 bxc6 8.O-O e6 9.Qe2 Nd7 10.b3 Be7 11.Bb2 O-O 12.Na4 Qc7
13.f4 Bb7 14.Rad1 Rae8 15.Rd3 c5 16.Bb5 Bc6 17.Bxc6 Qxc6 18.c4 Rd8 19.Rfd1
Rfe8 20.Qf3 Qc7 21.Qg3 Nf6 22.Nc3 a6 23.Qh3 Qc6 24.Rg3 Kh8 25.Re1 Qc8 26.Ree3
Rg8 { ...1-0, Topalov Veselin 2750 - Kramnik Vladimir 2765 , Novgorod 1996 It
(cat.19) } ) 7...Qxb2 8.Ndb5 Qb4 { = } 9.Bd3 ( 9.Qe2 Bg4 10.f3 Nxe4 11.Bd4
Nxd4 12.Qxe4 Nxc2+ 13.Kd2 Rc8 14.Rab1 Qc5 15.fxg4 g6 16.Rhf1 Bh6+ 17.Kxc2 O-O
18.Bxf7+ Rxf7 19.Qe6 Qc4 20.Qxf7+ Qxf7 21.Rxf7 Kxf7 22.Nxa7 Rc7 23.Kd3 Bg7
24.Nab5 Rc5 25.Nd4 Rc7 26.Ncb5 Rc5 27.Nxd6+ exd6 28.Rxb7+ { 1-0, Polzin Rainer
2469 - Popovic Petar 2532 , Austria 2001 Staatsliga 2001/02 } ) 9...Qa5 10.Rb1
( 10.Bd2 Qd8 11.Nd5 Nxd5 12.exd5 Ne5 13.Be2 a6 14.Nd4 Qc7 15.O-O g6 16.c4 Bg7
17.Be3 O-O 18.Rc1 Nd7 19.f4 Nc5 20.f5 Nd7 21.Qe1 Ne5 22.Qh4 f6 23.Qe4 g5 24.h4
h6 25.Ne6 Bxe6 26.fxe6 Rac8 27.Qf5 Qa5 28.Bd1 Rxc4 29.Rxc4 Nxc4 { ...1-0,
Velimirovic Dragoljub 2490 - Valvo Michael J 2385 , Krakow 1964 Olympiad
(students) (team) } ) ( 10.O-O a6 11.Nd5 Nxd5 12.exd5 axb5 13.dxc6 bxc6 14.Re1
e6 15.Qg4 Bd7 16.Bg5 Qc3 17.Qh4 Ra4 18.Qg3 Be7 19.Bxe7 Kxe7 20.Rad1 g6 21.Re3
Qc5 22.f4 Kd8 23.Kf1 Kc7 24.Be4 f5 25.Bd3 e5 26.c4 e4 27.Be2 bxc4 28.Rc3 Rb8
29.Rdc1 d5 { ...0-1, Soler Francesc - Hamdouchi Hichem 2570 , Coria del Rio
2002 It (open) } ) 10...e6 11.Rb3 { N } ( 11.Qd2 Qd8 ( 11...Be7 12.Nd5 { -0,15
CAP } ) 12.Be2 Be7 13.O-O O-O 14.Rfd1 Ne8 15.Na4 b6 16.Bf4 e5 17.Be3 Be6 18.c4
Na5 19.Rbc1 Nf6 20.f3 Nb7 21.g4 h6 22.Rc2 Nh7 23.Nac3 Bg5 24.Bxg5 Nxg5 25.Kg2
Qf6 26.h4 Nh7 27.Nxd6 Rfd8 28.Nd5 Bxd5 29.cxd5 Rxd6 30.Rh1 Nc5 { ...0-1, Van
Riemsdijk Herman C 2345 - Rodriguez Orestes 2425 , Sao Paulo 1972 Zt } ) (
11.O-O Be7 12.Rb3 O-O 13.Ra3 Qd8 14.Nxa7 Nxa7 15.Bxa7 Bd7 16.Qb1 Qc8 17.Ne2
Bc6 18.Qb6 d5 19.e5 Ne4 20.Bxe4 Bxa3 21.Bd3 f6 22.exf6 Rxf6 23.Qe3 e5 24.Ng3
Bd6 25.Bb6 e4 26.Be2 Bf4 27.Qb3 Rf7 28.Bh5 g6 29.Be2 Be5 30.Rd1 Qe6 { ...0-1,
Raddatz Michael 2100 - Jakobsen Ole 2400 , Travemunde 1996 It (open) } )
11...Qd8 { -0,60 CAP } 12.O-O Be7 13.f4 O-O 14.Qf3 e5 15.f5 { ?! } ( 15.Nd5 {
!? } 15...exf4 16.Qxf4 Be6 17.Ra3 { } ) 15...a6 16.Na3 b5 17.Nd5 Nxd5 18.exd5
Nd4 19.Qh5 { ?! } ( 19.Bxd4 { !? } 19...exd4 20.Re1 Bg5 21.Be4 { } ) 19...Bf6
{ ?! } ( 19...Nxb3 { !? } 20.axb3 Bf6 21.c4 Bb7 { } ) 20.Bxd4 exd4 21.Rf4 Re8
22.Be4 { ?! } ( 22.Nb1 { !? } 22...Bb7 23.Be4 Qa5 24.Qd1 { } ) 22...Qa5 23.Qd1
Bxf5 24.Bxf5 Re1+ 25.Qxe1 Qxe1+ 26.Rf1 Qe5 { } {#R} 0-1

[Event "Cup World IPCA"]
[Site "masterchessopen.com – Hrabyne"]
[Round "8"]
[White "Mayerhofer Horst (CZE)"]
[Black "Klimes Jaromir (CZE)"]
[Result "1-0"]
[WhiteElo "2163"]
[BlackElo "2365"]

1.e4 c5 2.Nf3 Nc6 3.d4 cxd4 4.Nxd4 Nf6 5.Nc3 d6 6.Bc4 g6 7.Nxc6 bxc6 8.e5 Nh5
9.Qf3 d5 10.Nxd5 e6 11.Nc3 Bb7 12.O-O Be7 13.Bh6 Bg5 14.Rad1 Qe7 15.Bxg5 Qxg5
16.Ne4 Qe7 17.Nd6+ Kf8 18.Nxf7 Qxf7 19.Qxf7+ Kxf7 20.Rd7+ Kf8 21.Rxb7 Ng7
22.Rd1 a5 23.Rdd7 Nf5 24.Bxe6 {#r} 1-0

[Event "Memorial Vieira de Carvalho (b)"]
[Site "masterchessopen.com – Maia (Portugal)"]
[Round "8"]
[White "Silva Firmino (POR)"]
[Black "Barbosa Fabio (POR)"]
[Result "1-0"]
[WhiteElo "2016"]
[BlackElo "2001"]

1.e4 c5 2.Nf3 Nc6 3.d4 cxd4 4.Nxd4 Nf6 5.Nc3 d6 6.Bc4 a6 7.Nxc6 bxc6 8.e5 Ng4
9.e6 Ne5 10.exf7+ Nxf7 11.Bxf7+ Kxf7 12.Qf3+ Ke8 13.Qxc6+ Bd7 14.Qf3 e5 15.O-O
Rb8 16.b3 Qf6 17.Qe2 Bb5 18.Nxb5 axb5 19.Bb2 {#r} 1-0

[Event "Ch Andalucia"]
[Site "masterchessopen.com – Malaga (Spain)"]
[Round "6"]
[White "Fernandez Siles Luis (ESP)"]
[Black "Rubio Doblas Fco Javier (ESP)"]
[Result "1-0"]
[WhiteElo "2267"]
[BlackElo "2116"]

1.e4 c5 2.Nf3 d6 3.d4 cxd4 4.Nxd4 Nf6 5.Nc3 Nc6 6.Bc4 Qb6 7.Nxc6 bxc6 8.O-O e5
9.Bg5 Qxb2 10.Qd3 Qb6 11.Bxf6 gxf6 12.Nd5 Qd8 13.Rab1 Be6 14.Rb7 Rc8 15.Rfb1
Bh6 16.Ne7 Rc7 17.Rb8 Bxc4 18.Rxd8+ Kxd8 19.Qxd6+ {#r} 1-0

[Event "It (cat.1)"]
[Site "masterchessopen.com – Opatija (Croatia)"]
[Round "14"]
[White "Osolin Bojan (SLO)"]
[Black "Muslija Idris (CRO)"]
[Result "1-0"]
[WhiteElo "2140"]
[BlackElo "2204"]

1.e4 c5 2.Nf3 Nc6 3.d4 cxd4 4.Nxd4 Nf6 5.Nc3 d6 6.Bc4 Qb6 7.Nxc6 bxc6 8.O-O g6
9.Be3 Qxb2 10.Bd4 Qb4 11.Bxf6 exf6 12.Qd4 Ke7 13.Rab1 Qc5 14.Nd5+ cxd5 15.Qxc5
dxc5 16.Bxd5 Ba6 17.Bxa8 Bxf1 18.Rb7+ Kd6 19.Kxf1 Be7 20.Rxa7 f5 21.e5+ Ke6
22.f4 f6 23.c4 fxe5 24.Bd5+ {#r} 1-0

[Event "Cup European Club (final)"]
[Site "masterchessopen.com – Rethymnon (Greece)"]
[Round "1"]
[White "Makoli Perparim (SRB)"]
[Black "Borriss Martin (GER)"]
[Result "0-1"]
[WhiteElo "2204"]
[BlackElo "2439"]

1.e4 c5 2.Nf3 d6 3.d4 cxd4 4.Nxd4 Nf6 5.Nc3 Nc6 6.Bc4 Qb6 7.Nb3 e6 8.O-O a6
9.Be3 Qc7 10.a4 b6 11.f4 Be7 12.g4 h6 13.Qf3 Bb7 14.Qe2 g5 15.e5 dxe5 16.fxg5
hxg5 17.Bxg5 Nd4 18.Nxd4 exd4 19.Rxf6 dxc3 20.b4 Qc6 21.h4 Rxh4 {#R} 0-1

[Event "Ch Ukraine"]
[Site "masterchessopen.com – Simferopol (Ukraine)"]
[Round "3"]
[White "Rogovski Vladimir (UKR)"]
[Black "Sharapov Evgeny (UKR)"]
[Result "1-0"]
[WhiteElo "2483"]
[BlackElo "2429"]

1.e4 c5 2.Nf3 d6 3.d4 cxd4 4.Nxd4 Nf6 5.Nc3 Nc6 6.Bc4 Qb6 7.Nxc6 bxc6 8.O-O g6
9.Qe1 Ng4 10.h3 Ne5 11.Na4 Qd4 12.Bb3 Ba6 13.Bd2 Nd3 14.cxd3 Qxd3 15.Rc1 Qxf1+
16.Qxf1 Bxf1 17.Kxf1 Rc8 18.Bc4 Kd7 19.Bc3 Bh6 20.Rd1 Rhf8 21.Nc5+ Ke8 22.Ba6
Rb8 23.Bb7 Rg8 24.Bxc6+ Kd8 25.Ba5+ {#r} 1-0

[Event "It (open) (w) \"]
[Site "masterchessopen.com – St. Petersburg (Russia)"]
[Round "7"]
[White "Korchagina Viktoria (RUS)"]
[Black "Rumiantseva Maria (RUS)"]
[Result "1-0"]
[WhiteElo "1992"]
[BlackElo "2020"]

1.e4 c5 2.Nf3 Nc6 3.d4 cxd4 4.Nxd4 Nf6 5.Nc3 d6 6.Bc4 Bd7 7.Bb3 g6 8.f3 Nxd4
9.Qxd4 Bg7 10.Bg5 O-O 11.O-O-O b5 12.Qd2 b4 13.Ne2 Bb5 14.Nd4 Rb8 15.g4 a5
16.Nxb5 Rxb5 17.h4 Nd7 18.h5 Ne5 19.Qe2 a4 20.Bxa4 Nd3+ 21.Rxd3 Rxg5 22.f4 Rc5
23.hxg6 fxg6 24.Bb3+ Kh8 25.Rdh3 h6 26.Qh2 h5 27.g5 {#r} 1-0

[Event "It (open)"]
[Site "masterchessopen.com – Szombathely (Hungary)"]
[Round "5"]
[White "Pg Mohd Omar Ak Hirawan (BRU)"]
[Black "Foki Robert (HUN)"]
[Result "1-0"]
[WhiteElo "2217"]
[BlackElo "1930"]

1.e4 c5 2.Nf3 d6 3.d4 cxd4 4.Nxd4 Nc6 5.Nc3 Nf6 6.Bc4 g6 7.Nxc6 bxc6 8.e5 Ng4
9.e6 f5 10.O-O Qc7 11.h3 Nf6 12.Bf4 a5 13.Qe2 Bg7 14.Rad1 Bb7 15.Na4 Nh5
16.Be3 c5 17.Bb5+ Bc6 18.g4 fxg4 19.hxg4 Nf6 20.g5 Nh5 21.Qf3 Rc8 22.Qf7+ Kd8
23.Bxc5 Bxb5 24.Bb6 Bxa4 25.Rxd6+ exd6 26.e7+ {#r} 1-0

[Event "It (open)"]
[Site "masterchessopen.com – Trevias (Spain)"]
[Round "3"]
[White "Perez Luis Manuel (CUB)"]
[Black "Santos Folch Adolfo (ESP)"]
[Result "1-0"]
[WhiteElo "2430"]
[BlackElo "2069"]

1.e4 c5 2.Nf3 d6 3.d4 cxd4 4.Nxd4 Nf6 5.Nc3 Nc6 6.Bc4 Qb6 7.Nb3 e6 8.Bf4 Ne5
9.Be2 Be7 10.g4 Nxe4 11.Nxe4 Qb4+ 12.Nbd2 f5 13.c3 Qxb2 14.Bxe5 fxe4 15.Nc4
{#r} 1-0

[Event "Memorial M.Botvinnik"]
[Site "masterchessopen.com – Tula (Russia)"]
[Round "3"]
[White "Zaitsev Igor A (RUS)"]
[Black "Mjasnikov Nikolai (RUS)"]
[Result "1-0"]
[WhiteElo "2413"]
[BlackElo "2309"]

1.e4 c5 2.Nf3 d6 3.d4 cxd4 4.Nxd4 Nf6 5.Nc3 Nc6 6.Bc4 a6 7.f4 Qb6 8.Nf3 Na5
9.Bd3 Be6 10.f5 Bc4 11.b3 Ng4 12.Qe2 Bxd3 13.cxd3 Nf6 14.Be3 Qd8 15.Nd5 Nxd5
16.exd5 b5 17.Rc1 Nb7 18.O-O Nc5 19.Ng5 h6 20.Ne6 Qb8 21.b4 Nxe6 22.fxe6 fxe6
23.dxe6 Qb7 24.Qh5+ Kd8 25.Qf7 {#r} 1-0

[Event "Ch Hungary (team) 2002/03"]
[Site "masterchessopen.com – Hungary"]
[Date "2003.01.06"]
[Round "3"]
[White "Toth Andras (HUN)"]
[Black "Liptay Laszlo (HUN)"]
[Result "1-0"]
[WhiteElo "2443"]
[BlackElo "2355"]

1.e4 c5 2.Nf3 Nc6 3.d4 cxd4 4.Nxd4 Nf6 5.Nc3 d6 6.Bc4 Qb6 7.Nb3 e6 8.Bf4 Ne5
9.Be2 a6 10.Be3 Qc7 11.f4 Nc4 12.Bxc4 Qxc4 13.Qf3 Be7 14.O-O-O e5 15.f5 Bd7
16.g4 Bc6 17.Nd2 Qb4 18.a3 Qa5 19.Nc4 Qc7 20.Nb6 Rd8 21.g5 Nxe4 22.Nbd5 Bxd5
23.Nxd5 Qc4 24.b3 {#r} 1-0

[Event "It (open)"]
[Site "masterchessopen.com – Dresden (Germany)"]
[Date "2003.07.29"]
[Round "5"]
[White "Windelband Jens (GER)"]
[Black "Wegener Dirk (GER)"]
[Result "0-1"]
[WhiteElo "2188"]
[BlackElo "2379"]

1.e4 c5 2.Nf3 Nc6 3.d4 cxd4 4.Nxd4 Nf6 5.Nc3 d6 6.Bc4 Qb6 7.Be3 Qxb2 8.Ndb5
Qb4 9.Qe2 Nxe4 10.Bxf7+ Kxf7 11.Qh5+ g6 12.Qd5+ Be6 13.Qxe4 Bg7 14.Qxb4 Nxb4
15.Kd2 Rhc8 16.Rab1 Rc4 17.Bxa7 {#R} 0-1

[Event "It (open) \"]
[Site "masterchessopen.com – Berlin (Germany)"]
[Date "2003.08.21"]
[Round "6"]
[White "Tahiri Daut (GER)"]
[Black "Kroutikov Arkadij (RUS)"]
[Result "1-0"]
[WhiteElo "2082"]
[BlackElo "2111"]

1.e4 c5 2.Nf3 Nc6 3.d4 cxd4 4.Nxd4 d6 5.Nc3 Nf6 6.Bc4 a6 7.Be3 Ng4 8.Nxc6 bxc6
9.Bd2 g6 10.h3 Ne5 11.Bb3 Bg7 12.Be3 Be6 13.f4 Nc4 14.Bd4 Nxb2 15.Qd2 f6
16.Bxe6 c5 17.Be3 f5 18.O-O Qa5 19.e5 dxe5 20.Qd7+ Kf8 21.Nd5 Qd8 22.Qxd8+
Rxd8 23.Bxc5 Rxd5 24.Bxd5 Na4 25.Rab1 {#r} 1-0

[Event "Ch France (open) (b)"]
[Site "masterchessopen.com – Aix les Bains (France)"]
[Date "2003.08.23"]
[Round "5"]
[White "Bluet Frederick (FRA)"]
[Black "Deblay Maxime (FRA)"]
[Result "1-0"]
[WhiteElo "1983"]
[BlackElo "1800"]

1.e4 c5 2.Nf3 d6 3.d4 cxd4 4.Nxd4 Nf6 5.Nc3 Nc6 6.Bc4 Bd7 7.Bb3 a6 8.O-O g6
9.f4 Qb6 10.Be3 Ng4 11.Nd5 Qa7 12.Nc7+ Kd8 13.Nde6+ {#r} 1-0

[Event "It"]
[Site "masterchessopen.com – Huesca (Spain)"]
[Date "2003.12.21"]
[Round "0"]
[White "Salamero Pelay Fernando (ESP)"]
[Black "Valles Mata David (ESP)"]
[Result "1-0"]
[WhiteElo "2164"]
[BlackElo "2131"]

1.e4 c5 2.Nf3 Nc6 3.Nc3 d6 4.d4 cxd4 5.Nxd4 Nf6 6.Bc4 g6 7.Nxc6 bxc6 8.e5 Ng4
9.e6 Ne5 10.exf7+ Kd7 11.f4 Nxc4 12.Qd4 Bg7 13.Qxg7 Ba6 14.b3 Na5 15.Bb2 Qb6
16.O-O-O Qe3+ 17.Kb1 Qxf4 18.Rd4 Qg5 19.Rxd6+ Kc7 20.Rhd1 Raf8 21.Rd7+ Kb8
22.Qd4 Nb7 23.Ne4 Qa5 24.Qxh8 Rxh8 25.Bxh8 Qf5 26.Rd8+ Nxd8 27.Rxd8+ {#r} 1-0

[Event "Ch City"]
[Site "masterchessopen.com – Kimry (Russia)"]
[Round "1"]
[White "Bik-Mukhamedov Mikhail (RUS)"]
[Black "Sorokin Evgeniy (RUS)"]
[Result "0-1"]
[WhiteElo "1853"]
[BlackElo "2129"]

1.e4 c5 2.Nf3 Nc6 3.d4 cxd4 4.Nxd4 Nf6 5.Nc3 d6 6.Bc4 g6 7.Be3 Ng4 8.Qf3 Nce5
9.Bb5+ Bd7 10.Qe2 Nxe3 11.Qxe3 Bxb5 12.Ncxb5 a6 13.Nc3 Bg7 14.Rd1 O-O 15.O-O
e6 16.f4 Nc4 17.Qc1 Qb6 18.Ne2 Nxb2 19.Rd2 Nc4 20.Rdd1 e5 21.fxe5 dxe5 22.c3
exd4 23.cxd4 Rac8 {#R} 0-1

[Event "Cup Itau (open)"]
[Site "masterchessopen.com – Sao Paulo (Brazil)"]
[Date "2004.01.18"]
[Round "3"]
[White "Giaccio Alfredo (ARG)"]
[Black "Souza Neves Andrey M (BRA)"]
[Result "1-0"]
[WhiteElo "2467"]
[BlackElo "2200"]

1.e4 c5 2.Nf3 Nc6 3.d4 cxd4 4.Nxd4 Nf6 5.Nc3 d6 6.Bc4 Qb6 7.Nde2 e6 8.a3 a6
9.Ba2 Qc7 10.O-O Be7 11.Kh1 O-O 12.f4 b5 13.Ng3 b4 14.axb4 Nxb4 15.Bb3 d5
16.exd5 Rd8 17.Bd2 Nbxd5 18.Nxd5 Nxd5 19.Ba5 Nb6 20.Qe2 Bb7 21.f5 e5 22.f6
Bxf6 23.Nh5 Kh8 24.Nxf6 gxf6 25.Rxf6 Rd6 26.Rxf7 {#r} 1-0

[Event "Ch Kiev"]
[Site "masterchessopen.com – Kiev (Ukraine)"]
[Date "2004.01.24"]
[Round "7"]
[White "Moliboga V (RUS)"]
[Black "Shishkin Vadim (UKR)"]
[Result "1-0"]
[WhiteElo "2314"]
[BlackElo "2480"]

1.e4 c5 2.Nf3 Nc6 3.d4 cxd4 4.Nxd4 Nf6 5.Nc3 d6 6.Bc4 Qb6 7.Nde2 e6 8.Bb3 Be7
9.O-O a6 10.Kh1 O-O 11.f4 Na5 12.f5 Nxb3 13.axb3 Bd7 14.Bg5 h6 15.Bh4 Bb5
16.Rf3 Rfe8 17.Nf4 Nxe4 18.Bxe7 Nxc3 19.bxc3 Rxe7 20.f6 Rc7 21.Rg3 g6 22.Qh5
Kh7 23.Nxg6 Qc5 24.Nf8+ {#r} 1-0